000 00340 a2200109 4500
001 ART_45135
005 20260410162039.0
008 260409a
245 1 0 _aNuevos saberes en ingenierĂ­as
100 1 _aPanaia, Marta
773 0 _tRevista de estudios regionales y mercado de trabajo
_g- NÂș 8 (ene./dic. 2012)
_wREV44894
999 _c34690
_d34690